[Event "45th Olympiad 2024"]
[Site "Budapest HUN"]
[Date "2024.09.21"]
[Round "10.7"]
[Board "1"]
[White "Maghsoodloo, Parham"]
[Black "Deac, Bogdan-Daniel"]
[Result "1/2-1/2"]
[WhiteElo "2723"]
[BlackElo "2680"]
[PlyCount "87"]
[EventDate "2024.09.11"]
[WhiteTeam "Iran"]
[BlackTeam "Romania"]
[WhiteTeamCountry "IRI"]
[BlackTeamCountry "ROU"]

1. d4 Nf6 2. c4 e6 3. Nf3 d5 4. g3 Be7 5. Bg2 O-O 6. O-O dxc4 7. Qc2 a6 8. a4 Bd7 9. Qxc4 Bc6 10. Bf4 Bd6 11. Qc1 Nbd7 12. Nc3 Nd5 ({RR} 12... Qe7 13. a5 Bxf3 14. Bxf3 Bxf4 15. Qxf4 c6 16. Qd2 Rad8 17. Qc2 e5 18. d5 e4 19. Nxe4 Nxd5 20. Ra3 N5f6 21. Re3 g6 22. Nxf6+ Qxf6 23. Rb3 Rb8 24. Bg4 Rfd8 25. Rd1 Ne5 26. Bh3 Qe7 27. Rxd8+ {½-½ Fedoseev,V (2718)-Yu,Y (2784) Hengshui IMSA rapid 2019 (9)}) 13. Bd2 ({RR} 13. Bg5 Be7 14. h4 h6 15. Bd2 Nxc3 16. bxc3 Nf6 17. Rd1 Be4 18. c4 Rc8 19. Bc3 c6 20. Qb2 Qc7 21. a5 Rfd8 22. Qb3 c5 23. Rac1 cxd4 24. Bxd4 Nd7 25. Qe3 Bc6 26. Ra1 Bf6 27. Bxf6 Nxf6 {0-1 Kurmangaliyeva,L (2240)-Hnatyshyn,A (2178) Titled Tue 13th Feb Early 2024 (5)}) 13... Qe8 $146 ({RR} 13... h6 14. Qc2 N7f6 15. Ne5 Nxc3 16. Bxc3 Bxg2 17. Kxg2 c5 18. Nc4 Bc7 19. Qd3 b5 20. axb5 axb5 21. Ne5 b4 22. Bd2 Rxa1 23. Rxa1 Qd5+ 24. Qf3 Ne4 25. Bf4 Bxe5 26. dxe5 c4 27. h4 c3 28. bxc3 {½-½ Theodorou,N (2541)-Schroeder,J (2572) Saint Louis SPICE Cup op 13th 2019 (8)}) 14. Re1 f5 15. Ng5 h6 16. Nxd5 Bxd5 17. e4 fxe4 18. Nxe4 Qh5 19. Qd1 Qf5 20. Re2 Nf6 21. Qe1 Nxe4 22. Bxe4 Bxe4 23. Rxe4 Rae8 24. Bf4 Bxf4 25. Rxf4 Qc2 26. Rxf8+ Rxf8 27. b4 Qb2 28. Rd1 Kh8 29. d5 exd5 30. Rxd5 Qa2 31. Rd7 Qxa4 32. Rxc7 b6 33. h4 a5 34. bxa5 Qxa5 35. Qb1 Qd2 36. Rc2 Qd4 37. Re2 Qc5 38. Qb2 Qd6 39. Kh2 Qc5 40. Rc2 Qd6 41. Rd2 Qc5 42. Rc2 Qd6 43. Rd2 Qc5 44. Rc2 1/2-1/2

[Event "45th Olympiad 2024"]
[Site "Budapest HUN"]
[Date "2024.09.21"]
[Round "10.7"]
[Board "2"]
[White "Shevchenko, Kirill"]
[Black "Tabatabaei, M. Amin"]
[Result "1/2-1/2"]
[WhiteElo "2673"]
[BlackElo "2714"]
[PlyCount "130"]
[EventDate "2024.09.11"]
[WhiteTeam "Romania"]
[BlackTeam "Iran"]
[WhiteTeamCountry "ROU"]
[BlackTeamCountry "IRI"]

1. d4 d5 2. c4 e6 3. Nf3 Nf6 4. Nc3 Be7 5. Bf4 O-O 6. e3 Nbd7 7. c5 c6 8. h3 b6 9. b4 a5 10. a3 h6 11. Bd3 Ba6 12. Bxa6 Rxa6 13. O-O Qc8 14. Qc2 Qb7 15. Rab1 axb4 16. axb4 Rfa8 17. Rb2 $146 ({RR} 17. Nd2 b5 18. Nb3 Bd8 19. Qb2 Ne4 20. Nxe4 dxe4 21. Qc2 f5 22. d5 exd5 23. Nd4 Bf6 24. Nxf5 Ne5 25. Qd1 Qf7 26. f3 exf3 27. Bxe5 Bxe5 28. Qxf3 Qe6 29. Nd4 Bxd4 30. exd4 Ra3 31. Rbe1 Rxf3 {½-½ Siddharth,J (2340)-Bardone,L (2130) Cattolica Vergani Cup 2021 (5)}) ({RR} 17. Rfc1 b5 18. Qb2 Ne4 19. Ra1 Qa7 20. Rxa6 Qxa6 21. Nxe4 dxe4 22. Nd2 f5 23. Nb3 Nf6 24. Bd6 Bd8 25. Ra1 Qb7 26. Ra3 Ra4 27. Qa2 Qa7 28. Rxa4 Qxa4 29. Qxa4 bxa4 30. Nc1 Nd5 31. Na2 g5 {½-½ Nepomniachtchi,I (2784)-Nakamura,H (2736) Carlsen Inv Prelim rapid 2020 (4.2)}) 17... Bd8 18. Rc1 Bc7 19. b5 Ra1 20. Bxc7 Qxc7 21. cxb6 Rxc1+ 22. Qxc1 Nxb6 23. bxc6 Nc4 24. Ra2 Qxc6 25. Rxa8+ Qxa8 26. Nd2 Nd6 27. Nb3 g5 28. Qa1 Qb8 29. Nc5 Kg7 30. Qa3 h5 31. g3 Nf5 32. Qb3 Qa7 33. Qa4 Qc7 34. Nb5 Qb8 35. Na6 Qc8 36. Nc5 Ne4 37. Qa7 Qc6 38. Qb7 Qxb7 39. Nxb7 g4 40. hxg4 hxg4 41. Kf1 Kf6 42. Na5 Ne7 43. Ke2 Kg6 44. Nb7 Nc6 45. N7d6 Ng5 46. Nc3 Kf6 47. Nb7 Ke7 48. Nc5 f6 49. Nb3 Nb4 50. Nd2 Nc6 51. Nb3 Nb4 52. Nd2 Nc2 53. Kd1 Na3 54. Ke2 Nc4 55. f4 gxf3+ 56. Nxf3 Nf7 57. e4 dxe4 58. Nxe4 Nh6 59. Nc3 Nd6 60. Ke3 Kf7 61. Kf4 Nc4 62. g4 e5+ 63. dxe5 fxe5+ 64. Nxe5+ Nxe5 65. Kxe5 Nxg4+ 1/2-1/2

[Event "45th Olympiad 2024"]
[Site "Budapest HUN"]
[Date "2024.09.21"]
[Round "10.7"]
[Board "3"]
[White "Daneshvar, Bardiya"]
[Black "Lupulescu, Constantin"]
[Result "1/2-1/2"]
[WhiteElo "2598"]
[BlackElo "2590"]
[PlyCount "83"]
[EventDate "2024.09.11"]
[WhiteTeam "Iran"]
[BlackTeam "Romania"]
[WhiteTeamCountry "IRI"]
[BlackTeamCountry "ROU"]

1. Nf3 c5 2. b3 d6 3. Bb2 e5 4. c4 f5 5. g3 Nf6 6. Bg2 Be7 7. d3 Nc6 8. Nc3 O-O 9. O-O Qe8 ({RR} 9... Kh8 10. e3 Bd7 11. Nd2 Be6 12. f4 exf4 13. gxf4 d5 14. Nf3 d4 15. exd4 cxd4 16. Ne2 Ng4 17. Bc1 Qb6 18. h3 Nf6 19. Ng3 Bb4 20. Bd2 Rae8 21. Bxb4 Qxb4 22. a3 Qd6 23. Qd2 a5 24. Rfb1 {1-0 Bardyk,A (2277)-Borisovsky,D (2110) Korchnoi Mem Open 2024 (9.10)}) 10. e3 Kh8 $146 ({RR} 10... Qh5 11. Ne1 Qh6 12. Nd5 Nxd5 13. cxd5 Nd8 14. f4 Bf6 15. Qc1 Nf7 16. Nf3 Re8 17. fxe5 Nxe5 18. Nxe5 Bxe5 19. Bxe5 Rxe5 20. e4 Qxc1 21. Raxc1 fxe4 22. dxe4 Bd7 23. Rf4 b5 24. Rcf1 Rae8 25. h4 {½-½ Ali,M (2205)-Rogers,I (2558) Olympiad-34 Istanbul 2000 (3.1)}) ({RR} 10... Rb8 11. a3 a6 12. Nd5 Nxd5 13. cxd5 Nd8 14. b4 cxb4 15. axb4 Bd7 16. Nd2 Qg6 17. f4 Nf7 18. Nf3 Bf6 19. Qd2 Rbe8 20. Rfe1 Bb5 21. Rac1 exf4 22. gxf4 Bxb2 23. Qxb2 Bxd3 24. Nd4 Re7 25. Ne6 {0-1 Pascucci,M (2132)-Colovic,A (2449) Cesenatico op 16th 2012 (1)}) ({RR} 10... Qh5 11. Nd2 Qh6 12. Re1 Bd7 13. f4 Be8 14. Nd5 Nxd5 15. cxd5 Nb4 16. Nc4 b5 17. Nxd6 Bh5 18. Nxf5 Rxf5 19. g4 exf4 20. exf4 Bf6 21. Be5 Rxf4 22. gxh5 Bxe5 23. Rxe5 Qf6 24. d4 Rxd4 25. Qe2 {1-0 Aczel,G (2540)-Fogarasi,T (2372) Budapest FS07 GM 2019 (4)}) 11. a3 Be6 12. d4 cxd4 13. exd4 Bg8 14. d5 Nb8 15. Nb5 Na6 16. a4 Nd7 17. Re1 Qg6 18. Ba3 e4 19. Nfd4 Nac5 20. Ne6 Nxe6 21. dxe6 Nc5 22. Nxd6 b6 23. Nf7+ Bxf7 24. exf7 Qxf7 25. Qc2 Rad8 26. Red1 Nd3 27. Bxe7 Qxe7 28. Bf1 Nb4 29. Qe2 Qc5 30. Rxd8 Rxd8 31. Rd1 Rd4 32. Rxd4 Qxd4 33. Qh5 g6 34. Qg5 Nc6 35. c5 bxc5 36. Bb5 Ne5 37. Qf6+ Kg8 38. Qe6+ Kg7 39. Qe7+ Kg8 40. Qe8+ Kg7 41. Qe7+ Kg8 42. Qe8+ 1/2-1/2

[Event "45th Olympiad 2024"]
[Site "Budapest HUN"]
[Date "2024.09.21"]
[Round "10.7"]
[Board "4"]
[White "Nisipeanu, Liviu-Dieter"]
[Black "Idani, Pouya"]
[Result "1/2-1/2"]
[WhiteElo "2580"]
[BlackElo "2599"]
[PlyCount "93"]
[EventDate "2024.09.11"]
[WhiteTeam "Romania"]
[BlackTeam "Iran"]
[WhiteTeamCountry "ROU"]
[BlackTeamCountry "IRI"]

1. d4 Nf6 2. c4 e6 3. Nc3 Bb4 4. e3 O-O 5. Bd3 d5 6. Nf3 dxc4 7. Bxc4 c5 8. O-O Nc6 9. a3 Ba5 10. Bd3 h6 11. dxc5 ({RR} 11. h3 Qe7 12. Qe2 Rd8 13. Rd1 a6 14. Bc2 b5 15. Ne4 cxd4 16. exd4 Bb7 17. Nc5 Nxd4 18. Nxd4 Qxc5 19. b4 Qa7 20. bxa5 Rxd4 21. Bb2 Rxd1+ 22. Rxd1 Bd5 23. Bxf6 gxf6 24. Qg4+ Kf8 25. Qf4 Rc8 {1-0 Caruana,F (2835)-Dominguez Perez,L (2758) Clutch-ch May rapid 2020 (1.11)}) 11... Bxc3 12. bxc3 Qe7 $146 ({RR} 12... Qa5 13. Qc2 Qxc5 14. a4 Rd8 15. Ba3 Qa5 16. Rab1 e5 17. Bb5 Qc7 18. Bxc6 {½-½ Lukacs,P (2460)-Lengyel,L Lodz Makarczyk Memorial-01 1978 (7)}) ({RR} 12... Qa5 13. Qc2 Qxc5 14. c4 e5 15. Nd2 Be6 16. Rb1 Qe7 17. Bb2 Rac8 18. Bc3 Rfd8 19. Rfd1 Bg4 20. f3 Be6 21. Nf1 b6 22. a4 Nd7 23. Ng3 Nc5 24. Be2 Qg5 25. Kf2 h5 26. Rxd8+ Rxd8 27. Rd1 {0-1 Lazavik,D (2578)-Lashkin,J (2451) Titled Tue 2nd Jul Early 2024 (11)}) 13. Qc2 e5 14. e4 Rd8 15. a4 Qxc5 16. Ba3 Qa5 17. Bc4 Qc7 18. Nh4 Na5 19. Ba2 Be6 20. Bxe6 fxe6 21. Nf3 Nc4 22. Bc1 Rac8 23. Nd2 Na5 24. Nb3 Nxb3 25. Qxb3 Rd6 26. f3 Rb6 27. Qa3 Qxc3 28. Qxc3 Rxc3 29. Rf2 Nd7 30. Bb2 Rcb3 31. Rd1 Nc5 32. Ba1 Rd3 33. Rff1 Rbd6 34. Rc1 Nxa4 35. Bxe5 Rd7 36. Ra1 b5 37. Rfb1 a6 38. Rc1 Kf7 39. h4 h5 40. Kh2 Rb7 41. Rc6 Rdd7 42. Rxa6 Nc5 43. Rc6 Nd3 44. Bd6 b4 45. Rb1 b3 46. e5 Rb5 47. Rc3 1/2-1/2

[Event "45th Olympiad 2024"]
[Site "Budapest HUN"]
[Date "2024.09.21"]
[Round "10.8"]
[Board "1"]
[White "Duda, Jan-Krzysztof"]
[Black "Yilmaz, Mustafa"]
[Result "1-0"]
[WhiteElo "2732"]
[BlackElo "2587"]
[PlyCount "137"]
[EventDate "2024.09.11"]
[WhiteTeam "Poland"]
[BlackTeam "Turkiye"]
[WhiteTeamCountry "POL"]

1. e4 e5 2. Nf3 Nc6 3. Bb5 a6 4. Ba4 Nf6 5. O-O Be7 6. Bxc6 dxc6 7. d3 Bd6 8. Bg5 h6 9. Bh4 g5 ({RR} 9... Qe7 10. Nbd2 g5 11. Bg3 Bg4 12. h3 Bh5 13. d4 Nd7 14. Nc4 O-O-O 15. Qd3 Bxf3 16. Qxf3 exd4 17. Bxd6 cxd6 18. Qxf7 Qf6 19. f4 Rhf8 20. Qxf6 Nxf6 21. fxg5 hxg5 22. Rae1 d5 23. exd5 Nxd5 24. Nd6+ {0-1 Svane,F (2634)-Andersen,M (2610) TCh-ESP Div 1 2023 (6.2)}) 10. Bg3 Bg4 11. h3 $146 ({RR} 11. Nbd2 Nh5 12. h3 Nxg3 13. fxg3 Be6 14. Nc4 g4 15. Nh4 gxh3 16. Qf3 hxg2 17. Kxg2 Qg5 18. Nf5 O-O-O 19. Rad1 Rhg8 20. Qe3 Qxe3 21. Ncxe3 Rg6 22. Rf3 Rdg8 23. Rh1 Bf8 24. Kf2 b6 25. Rh5 Rg5 {0-1 Lemos,H (1995)-Medeiros Jr,F Baiano-ch final 2011 (2)}) ({RR} 11. Nbd2 Nh5 12. h3 Nxg3 13. fxg3 Bh5 14. g4 Bg6 15. Nc4 Bc5+ 16. Kh2 f6 17. Qd2 Qd7 18. b4 Ba7 19. Kh1 O-O-O 20. Rad1 Qe7 21. Qe1 h5 22. Nh2 hxg4 23. Nxg4 Bh5 24. Qg3 Kb8 25. a3 Qe6 {0-1 Purini,B (1409)-Jankovic,A (1792) CRO-chT U20 26th 2018 (1.22)}) 11... Bh5 12. Nbd2 Nd7 13. c3 Qe7 14. b4 Qe6 15. Re1 O-O-O 16. a4 f5 17. exf5 Qxf5 18. b5 Nc5 19. bxc6 Nxd3 20. Qb1 bxc6 21. Ne4 Bxf3 22. Qxd3 Bxe4 23. Rxe4 a5 24. Rd1 Kd7 25. c4 c5 26. Qd5 Rhe8 27. Bxe5 Re6 28. g4 Qg6 29. Ree1 Rde8 30. Kg2 Kc8 31. Bc3 Rxe1 32. Rxe1 Rxe1 33. Bxe1 Kb8 34. Bxa5 Qc2 35. Bd2 Qxa4 36. Be3 Qc2 37. Qe6 Kb7 38. h4 gxh4 39. Kh3 Qb1 40. Qd5+ Kb6 41. Kxh4 Qg6 42. Kh3 Be7 43. Qa8 Qd6 44. Qb8+ Ka6 45. Qa8+ Kb6 46. Qh8 Bf8 47. Qb2+ Ka7 48. Qa2+ Kb7 49. Qb1+ Ka6 50. Qb5+ Ka7 51. Kg2 Qe5 52. Qa4+ Kb7 53. Qb3+ Kc8 54. Qd3 h5 55. g5 Bd6 56. Kf3 h4 57. Qh7 Qh2 58. Ke2 Qh3 59. Qe4 Kd7 60. Kd2 Be7 61. Qd5+ Kc8 62. g6 Qg4 63. Qf7 Qd7+ 64. Ke1 Qd3 65. g7 Qb1+ 66. Ke2 Qc2+ 67. Kf3 Qd1+ 68. Kf4 Bd6+ 69. Kg5 1-0

[Event "45th Olympiad 2024"]
[Site "Budapest HUN"]
[Date "2024.09.21"]
[Round "10.8"]
[Board "2"]
[White "Gurel, Ediz"]
[Black "Wojtaszek, Radoslaw"]
[Result "1/2-1/2"]
[WhiteElo "2602"]
[BlackElo "2681"]
[PlyCount "55"]
[EventDate "2024.09.11"]
[WhiteTeam "Turkiye"]
[BlackTeam "Poland"]
[BlackTeamCountry "POL"]

1. e4 {Marin,Mihail} e5 2. Nf3 Nc6 3. Bb5 a6 4. Ba4 Nf6 5. O-O Be7 6. d3 b5 7. Bb3 d6 8. a3 a5 ({RR} 8... O-O 9. Nc3 Bb7 10. Bd2 Qd7 11. a4 ({RR} 11. Ne2 Nd8 12. Ng3 Ne6 13. Nf5 c5 14. N3h4 Bd8 15. Qf3 d5) 11... Nd8 12. axb5 axb5 13. Rxa8 Bxa8 14. Ne2 Ne6 15. Ng3 c5 16. Nf5 Bd8 17. c4 bxc4 18. Bxc4 Bc7 19. Re1 Re8 20. Qc1 Nh5 21. g3 g6 22. Nh6+ Kg7 23. Ng5 {0-1 Carlsen,M (2872)-Svidler,P (2747) Candidates Tournament 2013 (14)}) ({RR} 8... O-O 9. Nc3 Rb8 10. Be3 h6 11. h3 Re8 12. Nh2 Bf8 13. f4 exf4 14. Bxf4 Be6 15. Bxe6 Rxe6 16. Bg3 Ne5 17. Nf3 c5 18. Bh4 Ng6 19. Bxf6 Rxf6 20. Nd5 Re6 21. Qd2 Ne7 22. Nf4 Rf6 23. Nh5 {½-½ Gurel,E (2578)-Esipenko,A (2704) 7th Sharjah Masters 2024 (1.8)}) 9. Nc3 a4 10. Ba2 Rb8 11. Be3 $146 ({RR} 11. h3 O-O 12. Nd5 Nxd5 13. exd5 Nd4 14. Nxd4 exd4 15. Bd2 Bf6 16. Re1 Bd7 17. Qf3 Re8 18. Rxe8+ Qxe8 19. Re1 Qf8 20. c3 dxc3 21. bxc3 Re8 22. Rxe8 Qxe8 23. d4 Be7 24. Bb1 g6 25. Bd3 Bf8 {½-½ Bartel,M (2643)-Alekseenko,K (2677) 43rd Benasque Open 2024 (10.1)}) ({RR} 11. Bg5 O-O 12. h3 h6 13. Bxf6 Bxf6 14. Nd5 Be6 15. c4 bxc4 16. Bxc4 Na5 17. Qxa4 Nxc4 18. Qxc4 Rxb2 19. a4 Bxd5 20. Qxd5 Qa8 21. Qc4 Qa7 22. Rab1 Rfb8 23. Rxb2 Rxb2 24. h4 h5 25. Qc6 g6 {0-1 Areshchenko,A (2625)-Warmerdam,M (2636) Bundesliga 2023-24 (3.7)}) 11... O-O 12. h3 Bd7 13. Nd5 Nxd5 14. Bxd5 Bf6 15. Re1 Ne7 16. Ba2 c5 17. c3 Ng6 18. Nh2 Bg5 19. Nf3 Bxe3 20. Rxe3 Qf6 21. Qd2 Nf4 22. Kh2 Qg6 23. Ne1 Kh8 24. Rd1 Ne6 25. Nf3 Nf4 26. Ne1 Ne6 27. Nf3 Nf4 28. Ne1 1/2-1/2

[Event "45th Olympiad 2024"]
[Site "Budapest HUN"]
[Date "2024.09.21"]
[Round "10.8"]
[Board "3"]
[White "Piorun, Kacper"]
[Black "Erdogmus, Yagiz Kaan"]
[Result "0-1"]
[WhiteElo "2599"]
[BlackElo "2592"]
[PlyCount "96"]
[EventDate "2024.09.11"]
[WhiteTeam "Poland"]
[BlackTeam "Turkiye"]
[WhiteTeamCountry "POL"]

1. Nf3 d5 2. g3 Nf6 3. Bg2 e6 4. O-O Be7 5. c4 O-O 6. d4 c6 7. Nc3 a5 8. b3 b6 9. Bb2 Ba6 10. Nd2 b5 11. c5 Nbd7 12. Re1 e5 $146 ({RR} 12... b4 13. Na4 Re8 14. e4 dxe4 15. Nxe4 Nd5 16. Qc2 Qc7 17. Rad1 Rad8 18. f4 Bb5 19. Bc1 N7f6 20. Nf2 Bxa4 21. bxa4 Nc3 22. Rd3 Nfd5 23. Bd2 Bf6 24. Ng4 Rd7 25. h4 Qa7 26. Kh2 h5 27. Nxf6+ {0-1 Filip,L (2353)-Visanescu,D (1930) Cluj GP Rapid 2024 (3.32)}) 13. e3 b4 14. Na4 e4 15. f3 exf3 16. Qxf3 Bd3 17. Qf4 Re8 18. a3 h5 19. axb4 axb4 20. e4 dxe4 21. Nxe4 Nxe4 22. Bxe4 Bg5 23. Qf3 Bxe4 24. Rxe4 Nf6 25. Rxe8+ Qxe8 26. Rf1 Be3+ 27. Kh1 Qe6 28. Nb6 Ra2 29. Nc4 Qh3 30. Ra1 Ng4 31. Qg2 Nf2+ 32. Kg1 Ne4+ 33. Nxe3 Qxg2+ 34. Kxg2 Rxb2+ 35. Kf3 Nd2+ 36. Kf4 Rxb3 37. Ra8+ Kh7 38. d5 g5+ 39. Kf5 Rxe3 40. dxc6 Rc3 41. Ra5 b3 42. Rb5 b2 43. Rxb2 Rxc5+ 44. Kf6 Rxc6+ 45. Kxg5 Nf3+ 46. Kf5 Kg7 47. h4 Rg6 48. Kf4 Nd4 0-1

[Event "45th Olympiad 2024"]
[Site "Budapest HUN"]
[Date "2024.09.21"]
[Round "10.8"]
[Board "4"]
[White "Can, Emre"]
[Black "Gumularz, Szymon"]
[Result "1/2-1/2"]
[WhiteElo "2547"]
[BlackElo "2571"]
[PlyCount "54"]
[EventDate "2024.09.11"]
[WhiteTeam "Turkiye"]
[BlackTeam "Poland"]
[BlackTeamCountry "POL"]

1. e4 c6 2. d4 d5 3. e5 Bf5 4. Nf3 e6 5. Be2 a6 ({RR} 5... Bg6 6. O-O Nh6 7. b3 Nf5 8. c4 Be7 9. Bb2 O-O 10. Nbd2 c5 11. cxd5 Qxd5 12. dxc5 Nc6 13. a3 a5 14. Nc4 Qxc5 15. Rc1 Rfd8 16. Qe1 Qa7 17. Bd1 Rac8 18. Bc2 b5 19. Ncd2 Ncd4 20. Nxd4 {½-½ Georgiev,K (2637)-Dreev,A (2682) Dordrecht g/5' blitz 2004 (6)}) 6. O-O Bg6 7. c3 c5 8. Na3 $146 ({RR} 8. Be3 Nd7 9. Nbd2 Nh6 10. dxc5 Nf5 11. Bg5 f6 12. exf6 gxf6 13. Bf4 e5 14. g4 Ng7 15. Bg3 Nxc5 16. g5 Bd6 17. Nb3 Nxb3 18. Qxb3 Bf7 19. gxf6 Qxf6 20. Qa4+ Kf8 21. Rae1 Nf5 22. Bd1 Re8 {0-1 Volokitin,A (2667)-Prohaszka,P (2569) ch-HUN Rapid 2024 (9.8)}) ({RR} 8. a3 c4 9. Be3 Nc6 10. Nbd2 Nh6 11. Bg5 f6 12. Bxh6 gxh6 13. exf6 Bd6 14. b3 cxb3 15. Qxb3 Na5 16. Qa2 Qxf6 17. c4 Rd8 18. cxd5 exd5 19. Rae1 Kf8 20. Ne5 Bxe5 21. dxe5 Qxe5 22. Bg4 Qf6 {½-½ Sadhwani,R (2653)-Soham,K (2382) 30th Abu Dhabi Masters 2024 (1.8)}) ({RR} 8. Be3 Nd7 9. dxc5 Bxc5 10. Bxc5 Nxc5 11. Nbd2 Ne7 12. Nd4 O-O 13. Rc1 Rc8 14. N2b3 Qb6 15. h4 h6 16. h5 Bh7 17. Nxc5 Qxc5 18. Qd2 Nc6 19. Qe3 Qb6 20. b3 Nxd4 21. cxd4 Qb4 22. g4 a5 {0-1 Pijpers,A (2475)-Raczek,K (2395) Thinkers Publishing GM 2024 (4.2)}) 8... Nc6 9. dxc5 Bxc5 10. b4 Ba7 11. b5 axb5 12. Nxb5 Bb8 13. Bf4 Nf6 14. c4 O-O 15. exf6 Bxf4 16. fxg7 Kxg7 17. g3 Bh6 18. cxd5 Qxd5 19. Qxd5 exd5 20. Nd6 Kg8 21. a4 b6 22. Rad1 Ne7 23. Bb5 Rfd8 24. Nb7 Rdb8 25. Nd6 Rd8 26. Nb7 Rdb8 27. Nd6 Rd8 1/2-1/2

[Event "45th Olympiad 2024"]
[Site "Budapest HUN"]
[Date "2024.09.21"]
[Round "10.9"]
[Board "1"]
[White "Le, Quang Liem"]
[Black "Anton Guijarro, David"]
[Result "0-1"]
[WhiteElo "2741"]
[BlackElo "2665"]
[PlyCount "78"]
[EventDate "2024.09.11"]
[WhiteTeam "Vietnam"]
[BlackTeam "Spain"]
[WhiteTeamCountry "VIE"]
[BlackTeamCountry "ESP"]

1. Nf3 {Ftacnik,Lubomir} c5 2. c4 g6 3. d4 cxd4 4. Nxd4 Nc6 5. e4 Nf6 6. Nc3 d6 7. Nc2 Bg7 8. Be2 Nd7 9. Bd2 O-O ({RR} 9... a5 10. O-O Nc5 11. Qc1 h5 ({RR} 11... O-O 12. Bh6 b6 ({RR} 12... a4 13. Bxg7 Kxg7 14. Qe3 Qa5 15. Nd5 Qa7 16. b4 Nxe4 17. Nb6 Rb8 18. Na3 Nf6 19. Nb5 Qa6 20. Nd5 b6 21. Nxd6 Qa7 22. Nxf6 exf6 23. Ne8+ Rxe8 24. Qxe8) ({RR} 12... Bxh6 13. Qxh6 Be6 14. Qe3 Qb6 15. b3 a4) 13. Bxg7 Kxg7 14. Qe3 Ra7 15. f4 f6 16. b3 Rd7 17. Rab1 e5 18. f5 Ne7 19. g4 Bb7 20. a3 Bc6 21. Rf2 gxf5 22. gxf5 Kh8) ({RR} 11... Nb4 12. Nxb4 axb4 13. Nd5 b3 14. axb3 Rxa1 ({RR} 14... Nxb3 15. Rxa8 Nxc1 16. Rxc1 O-O 17. Rxc8) 15. Qxa1 O-O 16. Bc3 ({RR} 16. Bg5 Re8 17. Qa8) 16... e5 17. Qa5 ({RR} 17. Bb4 Nxe4 18. Qa7) 17... Be6 18. Qxd8 Rxd8 19. Ra1 ({RR} 19. Ba5 Rd7 20. Nb6) 19... Nxe4 20. Ra7 Bxd5 21. cxd5 Nxc3 22. bxc3 e4 23. Rxb7 Bxc3) 12. Rd1 Bd7 13. Ne1 ({RR} 13. Be3 Bxc3 14. Bxc5 Bf6 15. Be3 O-O) 13... Nd4 14. Bf1 O-O 15. Bg5 ({RR} 15. Be3 Nde6 16. Nd3 Bxc3 17. Nxc5 Nxc5 18. Qxc3 Nxe4 19. Qd4 Bc6 20. f3 Nc5 21. Bh6 Ne6) 15... Bc6 16. Nd5 ({RR} 16. f3 Nde6 17. Be3 Na4) 16... Re8 ({RR} 16... Bxd5 17. exd5 Nf5) 17. f3 b5 ({RR} 17... Ba4 18. Rd2 Rc8 19. Rb1 Bc6) 18. Be3 Nce6 ({RR} 18... e5 19. cxb5 ({RR} 19. Bg5 Qd7 20. Nc2) 19... Bxd5 20. exd5 Rc8 ({RR} 20... Rb8 21. Rb1 ({RR} 21. Nd3 Na4) 21... Nxb5 22. Bxc5 dxc5 23. Bxb5 Rxb5 24. Qc4 Rb4 25. Qxc5 Bf8) 21. Qd2 Nf5) 19. Qd2 bxc4 20. Bxc4 Rb8 21. Kh1 ({RR} 21. Rab1 Bb5 22. Bxb5 Nxb5 23. Rbc1) 21... Nb5 22. Rac1 Nc5 ({RR} 22... Bd4 23. Bxd4 Nbxd4 24. Nf4 ({RR} 24. Qh6 Rf8 25. Ne3) ({RR} 24. Nxe7+ Qxe7 25. Bxe6 Ba4 26. b3 Nxe6 27. bxa4)) ({RR} 22... Bxd5 23. Bxd5 Nbc7 24. b3 Nxd5 25. exd5 Nf8) 23. b4 ({RR} 23. Bxc5 dxc5 24. Bxb5 Bxb5 ({RR} 24... Rxb5 25. Nf6+ Bxf6 26. Qxd8) 25. Rxc5 Qd6 26. Rc2) 23... axb4 ({RR} 23... Ne6 24. bxa5) 24. Nxb4 {1-0 Aronian,L (2757)-Ivanchuk,V (2786) Nanjing Pearl Spring 1st 2008 (2)} {RR} Bd7 25. Bxc5 dxc5 26. Na6 Nd6 27. Nxb8 Qxb8 28. Nd3) ({RR} 9... a5 10. Na3 Nc5 11. Nab5 O-O 12. O-O b6 13. Be3 Bb7 14. f3 a4 15. Qd2 f5 16. exf5 gxf5 17. Rad1 Kh8 18. Nd5 Rc8 19. Rfe1 Ne5 20. Bd4 Bxd5 21. cxd5 f4 22. Bf1 Qe8 23. Kh1 Qh5 24. Bc3 {1-0 Georgiadis,I (2487)-Seidl,S (2173) World Corporate East E rapid 2021 (4.3)}) 10. O-O Bxc3 $146 ({RR} 10... b6 11. Re1 Bb7 12. Bf1 a5 13. Bg5 Nc5 14. Qd2 Re8 15. Rad1 Nb4 16. Na3 Nba6 17. Nd5 Bxd5 18. cxd5 Nc7 19. Nb5 Qd7 20. Nd4 b5 21. Rc1 b4 22. Nc6 e6 23. f3 exd5 24. exd5 b3 25. Bc4 {0-1 De Jong,M (2324)-Odendahl,R (2434) Dieren op 2008 (7)}) ({RR} 10... b6 11. Qc1 Bb7 12. Bh6 Bxh6 13. Qxh6 Rc8 14. Rad1 a6 15. Rd3 Re8 16. Rh3 Nf8 17. f4 e6 18. f5 exf5 19. exf5 gxf5 20. Rxf5 Ne5 21. Rg3+ Neg6 22. h4 Be4 23. Rf2 Bxc2 24. h5 b5 25. hxg6 {1-0 Kvisla,J (2124)-Blomqvist,E (2334) Four Nations U20 2007 (3)}) ({RR} 10... b6 11. Rb1 Bb7 12. Nd5 e6 13. Nc3 a6 14. f3 Qe7 15. Qc1 Rfc8 16. Bg5 Qf8 17. Qd2 Nce5 18. Ne3 f5 19. exf5 gxf5 20. Rfd1 Nf7 21. Bh4 Bh6 22. Bf2 Nde5 23. Na4 Qg7 24. Kh1 Kh8 25. Nxb6 {0-1 Noseda,F (1959)-Rodriguez Vila,A (2468) Florianopolis op 3rd 2017 (6)}) 11. Bxc3 Nc5 12. b4 Nxe4 13. Bb2 e5 14. a3 Be6 15. Ne3 f5 16. Qd3 a5 17. f3 Ng5 18. b5 Ne7 19. c5 dxc5 20. Qc3 Nf7 21. Rad1 Qc7 22. f4 Rad8 23. fxe5 Ng5 24. Bc4 Rd4 25. Qb3 Rxc4 26. Nxc4 Nd5 27. b6 Qe7 28. Nd6 c4 29. Qxc4 Ne3 30. Qc7 Nh3+ 31. gxh3 Qg5+ 32. Kf2 f4 33. Ke2 f3+ 34. Kd3 Nxf1 35. Bd4 Qg2 36. Kc3 f2 37. Qe7 Qxh3+ 38. Rd3 Ne3 39. Bxe3 f1=Q 0-1